=LDR 00000nam 2200000 4500 =001 INLIS000000000025194 =005 20200505073127 =035 ##$$a 0010-061300000025194 =008 200505###########################0###### =041 ##$$a Ind =082 ##$$a 028.5 =090 ##$$a 028.5, Mas a =100 ##$$a Asykur, Abu Usamah =245 1#$$a Aku cinta rosul, yuk mengenal pribadi dqan akhlak Rosullullah Shollallahu Alaihi Wasallam, Abu Usamah Masykur =260 ##$$a 2006 :$b Yogyakarta =300 ##$$a 50 hlm, ilus, 21 cm =650 #4$$a Bacaan anak-anak =850 ##$$a NBPNMAT